PKO BP Ekstraklasa 2024/2025 - Statystyki

Ogólne statystyki
  • Ten quiz został rozwiązany 124 razy
  • Średni wynik to 17 z 18
Statystyki odpowiedzi
Skrót Klub % Poprawnych
LEG Legia Warszawa
100%
GÓR Górnik Zabrze
99%
JAG Jagiellonia Białystok
99%
LGD Lechia Gdańsk
97%
MOT Motor Lublin
97%
POG Pogoń Szczecin
97%
CRA Cracovia
96%
LPO Lech Poznań
96%
KOR Korona Kielce
96%
PIA Piast Gliwice
96%
ŚLĄ Śląsk Wrocław
95%
GKS GKS Katowice
94%
RAD Radomiak Radom
92%
RCZ Raków Częstochowa
92%
WID Widzew Łódź
92%
PUN Puszcza Niepołomice
91%
STM Stal Mielec
86%
ZAG Zagłębie Lubin
86%
Nie znaleziono quizów pasujących do podanych kryteriów
Rozkład punktacji
Procent ludzi z każdym wynikiem
Percentyl według liczby udzielonych odpowiedzi
Twoja historia wyników
Nie rozwiązałeś tego quizu